000 00882cam a22002414a 4500
001 13516151
005 20180215065335.0
008 040309s2004 dcu b 001 0 eng
010 _a 2004005618
020 _a1589010302 (pbk. : alk. paper)
040 _aDLC
_cDLC
_dDLC
041 _aeng
042 _apcc
080 _a241.642 KEL
082 0 0 _a241.642 KEL
_222
100 1 _a24
101 _aTEO
245 1 0 _aContemporary Catholic health care ethics /
_cDavid F. Kelly.
504 _aIncludes bibliographical references (p. [303]-323) and index.
906 _a7
_bcbc
_corignew
_d1
_eecip
_f20
_gy-gencatlg
942 _2ddc
_cBK
999 _c42646
_d42646